000 00333nam a22001457a 4500
003 MACL
005 20191201155450.0
008 191201b xxu||||| |||| 00| 0 eng d
040 _c MACL
100 _aDesai, Manuj
_977399
245 _aClinch the Deal
260 _aMumbai
_bIndus
650 _aBusiness
_94515
942 _2ddc
_cBK
999 _c61481
_d61481